000 00613nam a2200205 4500
001 115814
003 ES-MaACL
005 20250716063257.0
007 t|
008 061121s1980 sp r ||||1| cat d
100 1 _aOller, Narcís,
_d1846-1930
_986912
245 1 3 _aLa febre d'or /
_cNarcís Oller.
250 _a[1ª ed.].
260 _aBarcelona :
_bEdicionos 62,
_c1980.
300 _a2 v. ;
_c19 cm.
490 1 _amillors obres de la literatura catalana
830 0 _amillors obres de la literatura catalana
_9182886
852 _aES-MaACL
_jL-556-7
_bR.101257
999 _c115814
_d115814